Veda hrou /
VIEŠ, AKO * funguje teplomer? * vidí pavúk? * môže čaj meniť farbu? * vyrobiť malé tornádo? * pracuje potrubná pošta? TOTO VŠETKO A EŠTE OMNOHO VIAC SI MÔŽEŠ ĽAHKO VYSKÚŠAŤ! 120 POKUSMI ŤA BUDE SPREVÁDZAŤ PROFESOR HÓKUS POKUS, ZNÁMY EXPERIMENTÁTOR. Knihu Veda hrou napísal úspešný autor Rade...
Uloženo v:
| Hlavní autor: | |
|---|---|
| Médium: | E-kniha |
| Jazyk: | Czech |
| Vydáno: |
Praha :
Albatros Media Slovakia s.r.o.,
2019
|
| Tagy: |
Žádné tagy |
| LEADER | 02794nam a22002297i 4500 | ||
|---|---|---|---|
| 001 | 311094 | ||
| 007 | ta | ||
| 008 | 260601s2019 xr ||||| |||| 00| 0 cze d | ||
| 020 | |a 9788056613368 | ||
| 044 | |a xr | ||
| 100 | 1 | |a Chajda, Radek |4 aut | |
| 245 | 1 | 0 | |a Veda hrou / |c Chajda, Radek |
| 264 | 1 | |a Praha : |b Albatros Media Slovakia s.r.o., |c 2019 | |
| 300 | |a 1 online zdroj (128 stran) | ||
| 336 | |a text |b txt |2 rdacontent | ||
| 337 | |a bez média |b n |2 rdamedia | ||
| 338 | |a online zdroj |b cr |2 rdacarrier | ||
| 520 | 2 | |a VIEŠ, AKO * funguje teplomer? * vidí pavúk? * môže čaj meniť farbu? * vyrobiť malé tornádo? * pracuje potrubná pošta? TOTO VŠETKO A EŠTE OMNOHO VIAC SI MÔŽEŠ ĽAHKO VYSKÚŠAŤ! 120 POKUSMI ŤA BUDE SPREVÁDZAŤ PROFESOR HÓKUS POKUS, ZNÁMY EXPERIMENTÁTOR. Knihu Veda hrou napísal úspešný autor Radek Chajda pre zvedavých chlapcov a dievčatá od 7 rokov, ktorí sa zaujímajú o prírodu a jej fungovanie. Na 120 pokusoch si overíte nielen zákonitosti sveta kvapalín, plynov a pevných látok, ale možno vás prekvapí, že zaujímavé experimenty sa dajú robiť aj s ľudským telom. Na pokusy vám budú stačiť iba pomôcky, ktoré sú bežne dostupné u vás doma, takže zmysluplne využijete napríklad prebytočné PET fľaše, povrázky, staré noviny či kartónové obaly. Dozviete sa, ako si vyrobiť papier, vodné hodiny, vodostrek alebo jednoduchý vysávač. V praxi zistíte, prečo sa ponorka potopí a znova vypláva, ako funguje Archimedova skrutka alebo aké pevné sú krehké vajíčka. S experimentmi profesora Hókusa Pokusa zažijete nielen veľa zábavy, ale môžete sa popýšiť v škole novonadobudnutými znalosťami bežných fyzikálnych javov. O autorovi Mgr. Radek Chajda (1973) absolvoval odborné štúdium fyziky so zameraním na optiku, a tiež štúdium učiteľstva matematiky a fyziky, oboje na Univerzite Palackého v Olomouci. Vďaka svojej osemročnej praxi učiteľa vie, ako zaujať deti a nadchnúť ich objavovaním sveta vedy. Je autorom publikácií, ktoré mladším deťom aj dospievajúcim približujú zábavným spôsobom fyziku, matematiku a iné technické disciplíny. Spolupracuje s Českou televíziou pri tvorbe náučných programov pre deti a so svojím programom „Hravá věda“ navštevuje školy. | |
| 910 | |a RBIT002 | ||
| 998 | |d 201846 |a https://core.palmknihy.cz/api/books/201846/cover?pyu1bh |b https://core.palmknihy.cz/api/books/201846/cover/400?pyu1bh |c https://core.palmknihy.cz/api/books/201846/cover/50?pyu1bh |e |g 128 |i 9788056613368 |k https://core.palmknihy.cz/api/books/201846/preview.pdf |l |q 49 |r 1 |s https://www.palmknihy.cz/kniha/201846 |t ebook |y 2019 |z 1 | ||
| 999 | |d 311092 | ||